00382nam a2200109Ia 4500001000800000005001700008008004100025245004700066260002400113999002100137952011400158125349220251031150954.0251031s9999 xx 000 0 und d 0cSAVAŞ ÖZDEMİRaV-15 NAZİK OLUYORUM bTİMAŞ YAYINLARI c1253492d1253492 00104070a1104b1104d2025-10-30l0oV-15 / GENEL-5p11048690000040179r2025-10-31 15:09:54w2025-10-31yBK